Selected writings / (Record no. 84538)

MARC details
000 -LEADER
campo de control de longitud fija 00710nam a2200217 i 4500
001 - NÚMERO DE CONTROL
campo de control 84538
003 - IDENTIFICADOR DE NÚMERO DE CONTROL
campo de control ES-MaACL
005 - FECHA Y HORA DE LA ÚLTIMA TRANSACCIÓN
campo de control 20250907063051.0
007 - CAMPO FIJO DE DESCRIPCIÓN FÍSICA--INFORMACIÓN GENERAL
campo de control de longitud fija t|
008 - DATOS DE LONGITUD FIJA--INFORMACIÓN GENERAL
campo de control de longitud fija 041123s1982 xxk ||||1| eng d
020 ## - NÚMERO INTERNACIONAL ESTÁNDAR DEL LIBRO
Número Internacional Estándar del Libro 0-14-043-033-4
100 1# - ENTRADA PRINCIPAL--NOMBRE DE PERSONA
Nombre de persona Johnson, Samuel,
Fechas asociadas al nombre 1709-1784
9 (RLIN) 137503
245 10 - MENCIÓN DEL TÍTULO
Título Selected writings /
Mención de responsabilidad, etc. Samuel Johnson ; edited with an introduction and notes by Patrick Cruttwell.
260 ## - PUBLICACIÓN, DISTRIBUCIÓN, ETC.
Lugar de publicación, distribución, etc. Harmondsworth, Middlesex :
Nombre del editor, distribuidor, etc. Penguin Books,
Fecha de publicación, distribución, etc. 1982.
300 ## - DESCRIPCIÓN FÍSICA
Extensión 571 p. ;
Dimensiones 20 cm.
490 1# - MENCIÓN DE SERIE
Mención de serie Penguin English Library
700 1# - ENTRADA AGREGADA--NOMBRE PERSONAL
Nombre de persona Cruttwell, Patrick.
9 (RLIN) 41781
830 0# - PUNTO DE ACCESO ADICIONAL DE SERIE-TÍTULO UNIFORME
Título uniforme Penguin English Library
9 (RLIN) 231666
852 ## - LOCALIZACIÓN
Ubicación ES-MaACL
Número de control de estantería L-10879
Sublocalización o colección R.111220
Holdings
Estatus retirado Estado de pérdida Estado de daño No para préstamo Biblioteca de origen Biblioteca actual Ubicación en estantería Fecha de adquisición Fuente de adquisición Total de préstamos Signatura topográfica completa Código de barras Visto por última vez Precio de reemplazo Tipo de ítem Koha
        Biblioteca del Ateneo de Madrid Biblioteca del Ateneo de Madrid Depósito 2 17/01/2008     L-10879 1088344 23/02/2023 23/02/2023 Libro impreso